1678 1932 1707 1597 1236 1201 1427 1524 1377 1517 1468 1973 1958 1237 1756 1360 1313 1430 1000 1958 1543 1289 1078 1074 1622 1099 1960 1305 1199 1783 1653 1388 1434 1987 1845 1672 1102 1357 1775 1636 1022 1487 1807 1900 1335 1961 1825 1954 1166 1694 1884 1397 1327 1167 1186 1499 1539 1190 1779 1350 1771 1100 1660 1855 1994 1837 1914 1863 1990 1342 1834 1383 1827 1717 1663 1719 1378 1029 1874 1865 1431 1744 1936 1585 1636 1099 1769 1842 1056 1200 1626 1152 1738 1042 1064 1478 1609 1841 1828 BCNSPRNW ULIB Ver.6.0+V

เปลี่ยนเป็นภาษาไทย

Change to English
 แสดงรายละเอียดบรรณานุกรม
  กลับหน้าหลัก

Brief Record : Get Marc (ISO 2709) : E-mail record : QR code < ปิดหน้าต่าง
LEADER : 00000nam 2200000uu 4500
001    13399108686
003     ULIB
008    110311s2548||||th 000 0 tha d
020    9749930576
060 04 QT104^bส356 2548 ล.2
245 00 สรีรวิทยา^n2 /^cคณาจารย์ภาควิชาสรีรวิทยาคณะแพทยศาสตร์ศิริราชพยาบาล มหาวิทยาลัยมหิดล ; บรรณาธิการ วัฒนา วัฒนาภา, สุพัตรา โล่ห์สิริวัฒน์, สุพรพิมพ์ เจียสกุล
250    พิมพ์ครั้งที่ 5 (พิมพ์ซ้ำครั้งที่ 3)
260    กรุงเทพฯ :^bภาควิชาสรีรวิทยา คณะแพทยศาสตร์ศิริราชพยาบาลมหาวิทยาลัยมหิดล,^c2548
300    325-775 หน้า :^bภาพประกอบ ;^c26 ซม.
650  7 สรีรวิทยา
700 0  วัฒนา วัฒนาภา,^eบรรณาธิการ
700 0  สุพัตรา โล่ห์สิริวัฒน์,^eบรรณาธิการ
700 0  สุพรพิมพ์ เจียสกุล,^eบรรณาธิการ
710 2  มหาวิทยาลัยมหิดล. ^bคณะแพทยศาสตร์ศิริราชพยาบาล.^bภาควิชาสรีรวิทยา
945    ^p380^l0^i24032
945    ^p380^l0^i24031
945    ^p380^l0^i24687
945    ^p380^l0^i24685
945    ^p380^l0^i24686
945    ^p380^l0^i24684
945    ^p380^l0^i24683
945    ^p380^l0^i24682
945    ^p380^l0^i24688
945    ^p380^l0^i24681
995    เกษร
999 ^a ใช้งานได้ทุกระบบ
รายการนี้ยังไม่มีแท็ก
คุณยังไม่ได้ล็อกอิน คุณสามารถมีกิจกรรมร่วมกับเว็บไซต์ได้ แต่ต้องล็อกอินก่อน ::
  ล็อกอิน

รายการสื่อสารสนเทศ

ลำดับที่ ประเภท เลขเรียก/บาร์โค้ด สถานที่ สถานะ
- ไม่พบข้อมูล -

รายการใกล้เคียง
    หัวเรื่อง [สรีรวิทยา]

BibComment


ยังไม่เคยถูกคอมเมนท์

คอมเมนท์ทรัพยากรรายการนี้
  คอมเมนท์: สรีรวิทยา 2 คณาจ..


 Copyright 2026. Bcnsprnw @Library